[Event "Skakligaen 2004-05"]
[Site "Denmark"]
[Date "2004.11.06"]
[Round "1.7"]
[White "Danstrup, Niels"]
[Black "Danielsen, Heini"]
[Result "1-0"]
[WhiteElo "2129"]
[BlackElo "2149"]
[PlyCount "107"]
[EventDate "2004.11.06"]
[EventType "team"]
[EventRounds "7"]
[EventCountry "DEN"]
[SourceDate "2004.11.06"]
[WhiteTeam "Nordre"]
[BlackTeam "Foroyar"]
[WhiteTeamCountry "DEN"]
[BlackTeamCountry "DEN"]

1. e4 c5 2. c3 d5 3. exd5 Qxd5 4. d4 Nf6 5. Nf3 Bg4 6. Be2 e6 7. O-O Nc6 8. Be3
cxd4 9. cxd4 Rc8 10. Nc3 Qd6 11. h3 Bh5 12. a3 Be7 13. Qb3 O-O 14. Rfd1 Rfd8
15. Rac1 Nd5 16. Ne4 Qb8 17. Nc3 Bf6 18. Ne4 Nf4 19. Nxf6+ gxf6 20. Bxf4 Qxf4
21. Qe3 Qxe3 22. fxe3 Bg6 23. Rc3 Ne7 24. Rdc1 Rxc3 25. bxc3 Rd6 26. Nd2 Rb6
27. Bf3 Bd3 28. c4 Rb2 29. Ne4 f5 30. Nc5 Be4 31. Nxe4 fxe4 32. Bxe4 b6 33. c5
bxc5 34. dxc5 f5 35. Bf3 Kf8 36. c6 Ke8 37. Rd1 Rc2 38. Rd7 Nxc6 39. Bxc6 Rxc6
40. Rxa7 h5 41. Kf2 Rc4 42. Kf3 Kf8 43. a4 Ke8 44. a5 Ra4 45. a6 Kf8 46. h4 e5
47. g3 Ra2 48. Rh7 Rxa6 49. Rxh5 Rf6 50. e4 f4 51. Rf5 Rxf5 52. exf5 fxg3 53.
Kxg3 Kg7 54. Kf3 1-0

[Event "Skakligaen 2004-05"]
[Site "Denmark"]
[Date "2004.11.06"]
[Round "1.8"]
[White "Petersen, Terji"]
[Black "Hansen, Per"]
[Result "0-1"]
[WhiteElo "2022"]
[BlackElo "2158"]
[PlyCount "68"]
[EventDate "2004.11.06"]
[EventType "team"]
[EventRounds "7"]
[EventCountry "DEN"]
[SourceDate "2004.11.06"]
[WhiteTeam "Foroyar"]
[BlackTeam "Nordre"]
[WhiteTeamCountry "DEN"]
[BlackTeamCountry "DEN"]

1. d4 Nf6 2. c4 g6 3. Nc3 Bg7 4. e4 d6 5. f3 O-O 6. Be3 Nc6 7. Qd2 a6 8. Nge2
Rb8 9. d5 Ne5 10. Nd4 c5 11. dxc6 bxc6 12. Be2 c5 13. Nb3 Qb6 14. Bh6 Qb4 15.
h4 Be6 16. h5 Bxc4 17. Bxg7 Kxg7 18. hxg6 fxg6 19. Qh6+ Kf7 20. f4 Nd3+ 21.
Bxd3 Bxd3 22. e5 Ne4 23. exd6 Rh8 24. O-O-O Nxc3 25. Rxd3 Nxa2+ 26. Kb1 c4 27.
Qg5 Rb7 28. d7 cxd3 29. d8=Q Nc3+ 30. Kc1 Rxd8 31. Rxh7+ Ke8 32. Rh8+ Kd7 33.
Nc5+ Qxc5 34. Qxc5 d2+ 0-1

[Event "Skakligaen 2004-05"]
[Site "Denmark"]
[Date "2004.11.06"]
[Round "1.1"]
[White "Rasmussen, Karsten"]
[Black "Hansen, Sune Berg"]
[Result "1/2-1/2"]
[WhiteElo "2458"]
[BlackElo "2558"]
[PlyCount "49"]
[EventDate "2004.11.06"]
[EventType "team"]
[EventRounds "7"]
[EventCountry "DEN"]
[SourceDate "2004.11.06"]
[WhiteTeam "Skolerne"]
[BlackTeam "Helsingor"]
[WhiteTeamCountry "DEN"]
[BlackTeamCountry "DEN"]

1. c4 Nf6 2. Nc3 c5 3. Nf3 b6 4. e3 g6 5. d4 Bg7 6. Bd3 O-O 7. O-O cxd4 8. exd4
d5 9. cxd5 Bb7 10. Re1 Nxd5 11. Bg5 Nf6 12. Qe2 Nc6 13. Rad1 e6 14. Be4 Qb8 15.
d5 exd5 16. Nxd5 Nxd5 17. Bxd5 Na5 18. b4 Bxd5 19. Rxd5 Nc6 20. Qc4 Qb7 21.
Red1 Rac8 22. Qh4 Rfe8 23. h3 Ne5 24. Nxe5 Bxe5 25. Bf4 1/2-1/2

[Event "Skakligaen 2004-05"]
[Site "Denmark"]
[Date "2004.11.06"]
[Round "1.2"]
[White "Aagaard, Jacob"]
[Black "Sorensen, Jan"]
[Result "0-1"]
[WhiteElo "2459"]
[BlackElo "2412"]
[PlyCount "82"]
[EventDate "2004.11.06"]
[EventType "team"]
[EventRounds "7"]
[EventCountry "DEN"]
[SourceDate "2004.11.06"]
[WhiteTeam "Helsingor"]
[BlackTeam "Skolerne"]
[WhiteTeamCountry "DEN"]
[BlackTeamCountry "DEN"]

1. e4 e6 2. d4 d5 3. Nd2 Be7 4. e5 c5 5. Qg4 g6 6. dxc5 Nc6 7. Ngf3 Bxc5 8. Nb3
Bf8 9. Bb5 Bd7 10. O-O Bg7 11. Bxc6 Bxc6 12. Re1 Ne7 13. Nbd4 Bd7 14. Bg5 h6
15. Be3 Rc8 16. Rad1 Qc7 17. Qg3 a6 18. Bf4 Qb6 19. b3 Qa5 20. a4 Qc5 21. Be3
Qc7 22. Bc1 Qc5 23. Bb2 b5 24. axb5 axb5 25. Bc1 Ra8 26. Be3 Qc7 27. h3 b4 28.
Bd2 Qc5 29. Ra1 Rxa1 30. Rxa1 O-O 31. Qf4 g5 32. Qe3 Ng6 33. Rc1 Rb8 34. c3
bxc3 35. Bxc3 Qb6 36. b4 Bb5 37. Ra1 Rc8 38. Ra5 Bc4 39. Nc2 Qxe3 40. Nxe3 Be2
41. Rc5 Rxc5 0-1

[Event "Skakligaen 2004-05"]
[Site "Denmark"]
[Date "2004.11.06"]
[Round "1.3"]
[White "Pedersen, Finn"]
[Black "Holmsgaard, Henrik"]
[Result "1/2-1/2"]
[WhiteElo "2375"]
[BlackElo "2319"]
[PlyCount "136"]
[EventDate "2004.11.06"]
[EventType "team"]
[EventRounds "7"]
[EventCountry "DEN"]
[SourceDate "2004.11.06"]
[WhiteTeam "Skolerne"]
[BlackTeam "Helsingor"]
[WhiteTeamCountry "DEN"]
[BlackTeamCountry "DEN"]

1. d4 d5 2. Nf3 Nf6 3. Bf4 c5 4. e3 Nc6 5. c3 Qb6 6. Qb3 c4 7. Qxb6 axb6 8. Na3
Bf5 9. Nh4 Bg6 10. Nxg6 hxg6 11. Nb5 Ra5 12. a4 Kd7 13. Be2 e6 14. Bd1 Be7 15.
Bc2 Rha8 16. Ke2 Na7 17. Nxa7 R8xa7 18. b4 cxb3 19. Bd3 Ne4 20. Bxe4 dxe4 21.
Rhb1 b5 22. Rxb3 bxa4 23. Rb6 R5a6 24. Rb5 Kc6 25. Re5 a3 26. Kd2 a2 27. Kc2
Rb6 28. Rxe4 Ra3 29. Bg3 Kd5 30. f3 f6 31. Rh4 Rc6 32. Be1 Bb4 33. Kb2 Raxc3
34. e4+ Kc4 35. d5 Rb6 36. e5+ Kd3 37. Rd1+ Ke2 38. Bxc3 Bxc3+ 39. Kxc3 Kxd1
40. Ra4 fxe5 41. Rxa2 exd5 42. Rd2+ Ke1 43. Rxd5 Kf2 44. Rd2+ Ke3 45. Rd3+ Ke2
46. Rd7 Rc6+ 47. Kb4 Kf2 48. Rd2+ Ke3 49. Rd5 Re6 50. Kc3 Kf2 51. Rd2+ Kg1 52.
h3 e4 53. fxe4 Rxe4 54. Rd6 Re3+ 55. Kd2 Rg3 56. Rb6 Kxg2 57. h4 g5 58. h5 Rh3
59. Rxb7 Rxh5 60. Rxg7 Kg3 61. Ke2 g4 62. Kf1 Rf5+ 63. Kg1 Ra5 64. Kf1 Ra1+ 65.
Ke2 Kh3 66. Kf2 Ra2+ 67. Kf1 Kg3 68. Rg8 Rf2+ 1/2-1/2

[Event "Skakligaen 2004-05"]
[Site "Denmark"]
[Date "2004.11.06"]
[Round "1.4"]
[White "Larsen, Ole Bogh"]
[Black "Ochsner, Thomas"]
[Result "1/2-1/2"]
[WhiteElo "2235"]
[BlackElo "2366"]
[PlyCount "123"]
[EventDate "2004.11.06"]
[EventType "team"]
[EventRounds "7"]
[EventCountry "DEN"]
[SourceDate "2004.11.06"]
[WhiteTeam "Helsingor"]
[BlackTeam "Skolerne"]
[WhiteTeamCountry "DEN"]
[BlackTeamCountry "DEN"]

1. d4 Nf6 2. Nf3 e6 3. c4 b6 4. Bg5 Bb7 5. e3 h6 6. Bh4 Be7 7. Nc3 c5 8. Bd3
O-O 9. O-O cxd4 10. exd4 d6 11. Qe2 Nbd7 12. Rfe1 Re8 13. Rac1 Rc8 14. Bb1 Qc7
15. b3 Qb8 16. Qd3 Qa8 17. Re3 Nf8 18. Rce1 Ng4 19. Bxe7 Rxe7 20. R3e2 Bxf3 21.
gxf3 Nf6 22. Ne4 Nh5 23. Qe3 Rd7 24. Ng3 Nf6 25. d5 Re8 26. Qf4 e5 27. Qf5 Qd8
28. Nh5 Nxh5 29. Qxh5 Qf6 30. Qf5 Qxf5 31. Bxf5 Rde7 32. f4 g6 33. Bc2 Nd7 34.
Kg2 Kf8 35. fxe5 Nxe5 36. f4 Ng4 37. Rxe7 Rxe7 38. Rxe7 Kxe7 39. Kf3 h5 40. h3
Nh6 41. b4 Kf6 42. Ba4 Nf5 43. Ke4 Ng3+ 44. Kf3 Nf5 45. Ke4 Ke7 46. Bd1 Nh4 47.
Ba4 f6 48. Bd1 Nf5 49. Bb3 Ng7 50. Kd4 g5 51. fxg5 fxg5 52. Bc2 g4 53. hxg4
hxg4 54. Ke3 Kf6 55. Kf4 a5 56. bxa5 bxa5 57. Kxg4 Ke5 58. Kg5 Ne8 59. Ba4 Nf6
60. Kg6 Ne4 61. Bb5 Kd4 62. a4 1/2-1/2

[Event "Skakligaen 2004-05"]
[Site "Denmark"]
[Date "2004.11.06"]
[Round "1.5"]
[White "Christensen, Tobias"]
[Black "Jorgensen, Michael"]
[Result "0-1"]
[WhiteElo "2349"]
[BlackElo "2192"]
[PlyCount "76"]
[EventDate "2004.11.06"]
[EventType "team"]
[EventRounds "7"]
[EventCountry "DEN"]
[SourceDate "2004.11.06"]
[WhiteTeam "Skolerne"]
[BlackTeam "Helsingor"]
[WhiteTeamCountry "DEN"]
[BlackTeamCountry "DEN"]

1. Nf3 f5 2. g3 Nf6 3. Bg2 g6 4. b3 Bg7 5. Bb2 d6 6. d4 O-O 7. O-O c6 8. c4 a5
9. Nc3 Na6 10. Rc1 Bd7 11. Qd2 Rb8 12. d5 Nc5 13. Nd4 Qb6 14. Rb1 Rbc8 15. Ba1
Ng4 16. a3 Ne5 17. Rfd1 Qa6 18. f4 Ng4 19. h3 Nf6 20. Qe3 Rce8 21. Ne6 Nxe6 22.
dxe6 Bc8 23. Kh2 Rd8 24. Bf3 Ne8 25. g4 fxg4 26. Bxg4 Nf6 27. Ne4 Nxe4 28. Bxg7
Kxg7 29. Qxe4 Rf6 30. h4 Qb6 31. e3 Rdf8 32. b4 axb4 33. axb4 Qc7 34. Kg2 b6
35. Ra1 c5 36. Kg3 cxb4 37. Qd4 Kg8 38. Ra4 Qc5 0-1

[Event "Skakligaen 2004-05"]
[Site "Denmark"]
[Date "2004.11.06"]
[Round "1.6"]
[White "Nielsen, Nicholas Roland"]
[Black "Jacobsen, Bo"]
[Result "1/2-1/2"]
[WhiteElo "2195"]
[BlackElo "2254"]
[PlyCount "87"]
[EventDate "2004.11.06"]
[EventType "team"]
[EventRounds "7"]
[EventCountry "DEN"]
[SourceDate "2004.11.06"]
[WhiteTeam "Helsingor"]
[BlackTeam "Skolerne"]
[WhiteTeamCountry "DEN"]
[BlackTeamCountry "DEN"]

1. e4 g6 2. d4 Bg7 3. Nc3 c6 4. Nf3 b5 5. Bd3 d6 6. Be3 Nd7 7. Qd2 Qc7 8. Ne2
Bb7 9. Ng3 a6 10. a4 e5 11. dxe5 dxe5 12. c4 bxa4 13. Rxa4 Ngf6 14. c5 O-O 15.
O-O Rfd8 16. Qc2 Bf8 17. h3 Bxc5 18. Bxc5 Nxc5 19. Qxc5 Rxd3 20. Nxe5 Rb3 21.
Nc4 Rb5 22. Qe3 Nd7 23. Rd1 Nb6 24. Nxb6 Qxb6 25. Rad4 Re8 26. Qf4 Bc8 27. Qf6
Rbe5 28. Rd8 Qc7 29. R1d6 R5e7 30. Rxe8+ Rxe8 31. Rxc6 Qa5 32. h4 Bb7 33. Rb6
Bxe4 34. Nxe4 Qe1+ 35. Kh2 Qxe4 36. Rxa6 Qb7 37. h5 Qb5 38. hxg6 hxg6 39. Rb6
Qd5 40. Rd6 Qh5+ 41. Kg3 Qc5 42. Qd4 Qg5+ 43. Kf3 Qh5+ 44. Kg3 1/2-1/2

[Event "Skakligaen 2004-05"]
[Site "Denmark"]
[Date "2004.11.06"]
[Round "1.7"]
[White "Rewitz, Poul"]
[Black "Vinther Juul, Kristian"]
[Result "1/2-1/2"]
[WhiteElo "2250"]
[BlackElo "2084"]
[PlyCount "59"]
[EventDate "2004.11.06"]
[EventType "team"]
[EventRounds "7"]
[EventCountry "DEN"]
[SourceDate "2004.11.06"]
[WhiteTeam "Skolerne"]
[BlackTeam "Helsingor"]
[WhiteTeamCountry "DEN"]
[BlackTeamCountry "DEN"]

1. d4 d5 2. c3 Nf6 3. Bg5 e6 4. e3 Be7 5. Bd3 b6 6. f4 Ne4 7. Bxe7 Qxe7 8. Nf3
O-O 9. O-O Ba6 10. Bxa6 Nxa6 11. Nbd2 Nxd2 12. Qxd2 c5 13. Qd3 Nc7 14. Rae1 f5
15. Ne5 c4 16. Qe2 Ne8 17. g4 fxg4 18. Qxg4 Nd6 19. Rf3 Nf7 20. Ref1 Nxe5 21.
fxe5 Rxf3 22. Rxf3 Rf8 23. Rxf8+ Kxf8 24. h4 Qf7 25. Kg2 Ke7 26. Kg3 g6 27. e4
Qf1 28. Qg5+ Kd7 29. exd5 Qe1+ 30. Kh3 1/2-1/2

[Event "Skakligaen 2004-05"]
[Site "Denmark"]
[Date "2004.11.06"]
[Round "1.8"]
[White "Dalsberg, Sandra de Blecourt"]
[Black "Baekgaard, Martin"]
[Result "1-0"]
[WhiteElo "2066"]
[BlackElo "2175"]
[PlyCount "59"]
[EventDate "2004.11.06"]
[EventType "team"]
[EventRounds "7"]
[EventCountry "DEN"]
[SourceDate "2004.11.06"]
[WhiteTeam "Helsingor"]
[BlackTeam "Skolerne"]
[WhiteTeamCountry "DEN"]
[BlackTeamCountry "DEN"]

1. d4 d5 2. c4 c6 3. cxd5 cxd5 4. Bf4 Nf6 5. Nc3 Nc6 6. e3 a6 7. Bd3 Bg4 8. f3
Bh5 9. Rc1 e6 10. Nge2 Be7 11. O-O O-O 12. g4 Bg6 13. Bxg6 hxg6 14. Rc2 Rc8 15.
Nc1 b5 16. Nd3 Nd7 17. Bg3 Qa5 18. a3 Qb6 19. f4 f5 20. gxf5 gxf5 21. Qf3 Nf6
22. Rfc1 Ne4 23. Ne2 Na7 24. Ne5 Rxc2 25. Rxc2 Rc8 26. Rxc8+ Nxc8 27. Qh5 Ncd6
28. Ng6 Qc7 29. Qh8+ Kf7 30. Ne5+ 1-0

[Event "Skakligaen 2004-05"]
[Site "Denmark"]
[Date "2004.11.07"]
[Round "2.1"]
[White "Hoi, Carsten"]
[Black "El Kher, Henrik"]
[Result "1/2-1/2"]
[WhiteElo "2375"]
[BlackElo "2430"]
[PlyCount "84"]
[EventDate "2004.11.06"]
[EventType "team"]
[EventRounds "7"]
[EventCountry "DEN"]
[SourceDate "2004.11.06"]
[WhiteTeam "Bronshoj"]
[BlackTeam "K41"]
[WhiteTeamCountry "DEN"]
[BlackTeamCountry "DEN"]

1. d4 Nf6 2. Nf3 e6 3. c4 c5 4. d5 exd5 5. cxd5 d6 6. Nc3 g6 7. e4 Bg7 8. Bg5
a6 9. Nd2 O-O 10. a4 Nbd7 11. Be2 Re8 12. O-O h6 13. Bh4 g5 14. Bg3 Ne5 15. Qc2
Nh7 16. Kh1 Nf8 17. f4 gxf4 18. Rxf4 Nfg6 19. Rf2 Qg5 20. Raf1 Rf8 21. Nf3 Nxf3
22. Bxf3 Ne5 23. Qe2 b5 24. Bh5 b4 25. Nd1 f5 26. Ne3 fxe4 27. Rxf8+ Bxf8 28.
Bxe5 dxe5 29. Bf7+ Kh8 30. Bg6 Qxg6 31. Rxf8+ Kg7 32. Rf1 a5 33. Qc2 Ba6 34.
Rf2 c4 35. Nf5+ Kh8 36. Qxe4 Rf8 37. Qxe5+ Qf6 38. Qe3 c3 39. bxc3 bxc3 40. g4
Bb7 41. Ne7 Bxd5+ 42. Nxd5 Qxf2 1/2-1/2

[Event "Skakligaen 2004-05"]
[Site "Denmark"]
[Date "2004.11.07"]
[Round "2.2"]
[White "Hansen, Jacob Ost"]
[Black "Pilgaard, Kim"]
[Result "1/2-1/2"]
[WhiteElo "2443"]
[BlackElo "2400"]
[PlyCount "61"]
[EventDate "2004.11.06"]
[EventType "team"]
[EventRounds "7"]
[EventCountry "DEN"]
[SourceDate "2004.11.06"]
[WhiteTeam "K41"]
[BlackTeam "Bronshoj"]
[WhiteTeamCountry "DEN"]
[BlackTeamCountry "DEN"]

1. g3 Nf6 2. Bg2 d5 3. Nf3 Bf5 4. O-O e6 5. c4 c6 6. d3 Nbd7 7. Be3 Be7 8. Qb3
Qc8 9. Nc3 Ng4 10. Bg5 dxc4 11. Qxc4 Nge5 12. Nxe5 Nxe5 13. Qd4 Bxg5 14. Qxe5
Bf6 15. Qc5 Be7 16. Qc4 e5 17. Ne4 Bh3 18. f4 exf4 19. Bxh3 Qxh3 20. Rxf4 O-O
21. Raf1 Qh5 22. Rf5 Qg6 23. Kg2 Rae8 24. a4 Qe6 25. Qxe6 fxe6 26. Rxf8+ Rxf8
27. Rc1 Rf5 28. b3 Kf7 29. g4 Rd5 30. Kf3 Ke8 31. h3 1/2-1/2

[Event "Skakligaen 2004-05"]
[Site "Denmark"]
[Date "2004.11.07"]
[Round "2.3"]
[White "Bromann, Thorbjorn"]
[Black "Olesen, Martin"]
[Result "0-1"]
[WhiteElo "2339"]
[BlackElo "2285"]
[PlyCount "78"]
[EventDate "2004.11.06"]
[EventType "team"]
[EventRounds "7"]
[EventCountry "DEN"]
[SourceDate "2004.11.06"]
[WhiteTeam "Bronshoj"]
[BlackTeam "K41"]
[WhiteTeamCountry "DEN"]
[BlackTeamCountry "DEN"]

1. d4 d5 2. Nc3 Nc6 3. e4 e6 4. e5 Qd7 5. f4 b6 6. Nf3 Bb7 7. a3 O-O-O 8. b4 f5
9. Bb5 Nh6 10. O-O Nf7 11. Qe2 h6 12. Be3 Be7 13. Rfb1 g5 14. a4 gxf4 15. Bxf4
Ng5 16. Nd2 Rdg8 17. Qe3 Ne4 18. Ncxe4 dxe4 19. c3 Rg4 20. Rf1 Rhg8 21. g3 Bg5
22. Bxg5 R4xg5 23. a5 Kb8 24. axb6 axb6 25. Ba6 Ba8 26. Ra2 h5 27. Rfa1 h4 28.
Bc8 Kxc8 29. Rxa8+ Nb8 30. Nf1 Qc6 31. R8a7 Rg4 32. Re1 Nd7 33. Kf2 f4 34. Qe2
Qxc3 35. Ra8+ Nb8 36. Qa6+ Kd7 37. Qb5+ Ke7 38. Ra7 hxg3+ 39. hxg3 Qf3+ 0-1

[Event "Skakligaen 2004-05"]
[Site "Denmark"]
[Date "2004.11.07"]
[Round "2.4"]
[White "Greger, Roland Reinhard"]
[Black "Brinck Claussen, Bjorn"]
[Result "1/2-1/2"]
[WhiteElo "2311"]
[BlackElo "2306"]
[PlyCount "73"]
[EventDate "2004.11.06"]
[EventType "team"]
[EventRounds "7"]
[EventCountry "DEN"]
[SourceDate "2004.11.06"]
[WhiteTeam "K41"]
[BlackTeam "Bronshoj"]
[WhiteTeamCountry "DEN"]
[BlackTeamCountry "DEN"]

1. e4 e6 2. d4 d5 3. Nd2 c5 4. Ngf3 cxd4 5. exd5 Qxd5 6. Bc4 Qd6 7. O-O Nf6 8.
Qe2 Nc6 9. Rd1 Qc7 10. Nb3 Bd7 11. Nbxd4 Nxd4 12. Rxd4 Bc5 13. Bf4 Qc8 14. Rd2
O-O 15. Re1 Bc6 16. Bd3 Rd8 17. Ne5 Be8 18. Bg5 Be7 19. Qf3 Nd5 20. Bxe7 Nxe7
21. Rde2 Ng6 22. Nxg6 hxg6 23. h4 Rd5 24. Be4 Rb5 25. c4 Rb6 26. b3 a5 27. Bc2
a4 28. h5 axb3 29. axb3 gxh5 30. Qxh5 g6 31. Qh6 Ra5 32. Re5 Rba6 33. R1e3 Rxe5
34. Rxe5 Ra1+ 35. Kh2 Qc7 36. f4 Qd6 37. Rh5 1/2-1/2

[Event "Skakligaen 2004-05"]
[Site "Denmark"]
[Date "2004.11.07"]
[Round "2.5"]
[White "Carstensen, Jacob"]
[Black "Larsen, Peter"]
[Result "1-0"]
[WhiteElo "2213"]
[BlackElo "2183"]
[PlyCount "113"]
[EventDate "2004.11.06"]
[EventType "team"]
[EventRounds "7"]
[EventCountry "DEN"]
[SourceDate "2004.11.06"]
[WhiteTeam "Bronshoj"]
[BlackTeam "K41"]
[WhiteTeamCountry "DEN"]
[BlackTeamCountry "DEN"]

1. d4 Nf6 2. c4 c5 3. d5 b5 4. a4 bxc4 5. Nc3 d6 6. e4 Ba6 7. f4 Nbd7 8. Nf3 g6
9. e5 dxe5 10. fxe5 Ng4 11. e6 Nde5 12. exf7+ Nxf7 13. Ng5 Nxg5 14. Qxg4 Nf7
15. Bxc4 Ne5 16. Qe6 Nd3+ 17. Bxd3 Bxd3 18. Qc6+ Kf7 19. d6 c4 20. Ne4 Qa5+ 21.
Bd2 Qe5 22. Qxa8 Bh6 23. Qb7 Bxd2+ 24. Kxd2 Qf4+ 25. Kd1 Bxe4 26. Qxe7+ Kg8 27.
Re1 Bf5 28. Qe8+ Kg7 29. Qe5+ Qxe5 30. Rxe5 Kf6 31. Rd5 Be4 32. Rd2 Ke5 33. Ra3
Bd3 34. b3 Rb8 35. d7 Kd4 36. d8=Q+ Rxd8 37. bxc4 Kxc4 38. a5 a6 39. Kc1 Rd5
40. Rb2 Kd4 41. Kd2 Bb5 42. Ke1 Rf5 43. Rf2 Re5+ 44. Kd2 Kc5 45. Re3 Rh5 46.
Rh3 Rxh3 47. gxh3 Kb4 48. Rf7 h5 49. Rf6 Kxa5 50. Rxg6 Be8 51. Re6 Bf7 52. Re7
Bg6 53. Kc3 Kb5 54. Re5+ Ka4 55. Re6 Bf5 56. Rxa6+ Kb5 57. Rh6 1-0

[Event "Skakligaen 2004-05"]
[Site "Denmark"]
[Date "2004.11.07"]
[Round "2.6"]
[White "Roder, Peter"]
[Black "Palm, Nikolaj"]
[Result "0-1"]
[WhiteElo "2066"]
[BlackElo "2213"]
[PlyCount "110"]
[EventDate "2004.11.06"]
[EventType "team"]
[EventRounds "7"]
[EventCountry "DEN"]
[SourceDate "2004.11.06"]
[WhiteTeam "K41"]
[BlackTeam "Bronshoj"]
[WhiteTeamCountry "DEN"]
[BlackTeamCountry "DEN"]

1. d4 d5 2. c4 e6 3. Nc3 c6 4. Nf3 f5 5. Bf4 Nf6 6. e3 Be7 7. Bd3 O-O 8. Qb3
Kh8 9. h3 a5 10. c5 Ne4 11. g4 Nd7 12. Bxe4 fxe4 13. Ne5 Nxe5 14. Bxe5 Bh4 15.
Rh2 a4 16. Qc2 b5 17. a3 Rf3 18. O-O-O Ra7 19. Rd2 Raf7 20. Nd1 Bd7 21. Qc3 Qa8
22. Qb4 Bd8 23. Qc3 Ba5 24. b4 axb3 25. Qxb3 Bxd2+ 26. Kxd2 Qa5+ 27. Qb4 Qxb4+
28. axb4 Be8 29. h4 Ra7 30. Nc3 Ra3 31. Kc2 Ra1 32. Nd1 Rf7 33. Nc3 Rf1 34. Bg3
Ra7 35. Kb2 Raa1 36. Be5 Kg8 37. Bg3 Rg1 38. Be5 Raf1 39. Bg3 Re1 40. h5 g6 41.
h6 g5 42. Kc2 Rh1 43. Rxh1 Rxh1 44. Ne2 Rxh6 45. Nc1 Rh1 46. Ne2 Kf7 47. Nc3
Kg6 48. Ne2 h5 49. gxh5+ Kxh5 50. Nc3 Kg4 51. Kd2 Kf3 52. Nd1 Rf1 53. Kc2 Bh5
54. Kd2 Kg2 55. Nc3 Rxf2+ 0-1

[Event "Skakligaen 2004-05"]
[Site "Denmark"]
[Date "2004.11.07"]
[Round "2.7"]
[White "Aabling Thomsen, Jakob"]
[Black "Kragh, Niels Kristian"]
[Result "1-0"]
[WhiteElo "2128"]
[BlackElo "1984"]
[PlyCount "151"]
[EventDate "2004.11.06"]
[EventType "team"]
[EventRounds "7"]
[EventCountry "DEN"]
[SourceDate "2004.11.06"]
[WhiteTeam "Bronshoj"]
[BlackTeam "K41"]
[WhiteTeamCountry "DEN"]
[BlackTeamCountry "DEN"]

1. c4 e6 2. g3 f5 3. Bg2 Nf6 4. Nf3 Be7 5. O-O O-O 6. d3 Nc6 7. Nc3 d6 8. e4 e5
9. Nd5 fxe4 10. dxe4 Bg4 11. Qd3 Nxd5 12. cxd5 Nb8 13. h3 Bxf3 14. Bxf3 Nd7 15.
Bg4 Nc5 16. Qc2 a5 17. Be3 b6 18. Rae1 Bf6 19. b3 Qe7 20. a3 a4 21. b4 Nb3 22.
Qc4 Ra7 23. Kg2 g6 24. Bd1 Rfa8 25. Bxb3 axb3 26. Bc1 Qd7 27. Qxb3 Qb5 28. Bb2
Bg7 29. Rc1 Rf8 30. Rc2 Rf7 31. Qc4 Qxc4 32. Rxc4 Bh6 33. Re1 Kf8 34. Re2 Ke8
35. Rec2 Kd7 36. Rc6 Ke8 37. h4 Kd8 38. R2c3 Bd2 39. Rf3 Ke8 40. Rxf7 Kxf7 41.
Kf3 h5 42. Ke2 Bh6 43. Kd3 b5 44. Kc2 Ke7 45. Kb3 Bd2 46. Rc2 Bh6 47. Rc3 Bd2
48. Rc2 Bh6 49. f3 Be3 50. Re2 Bh6 51. Rc2 Be3 52. Bc1 Bd4 53. Re2 Ra8 54. Be3
Bxe3 55. Rxe3 Kd7 56. Kc2 Rf8 57. Kd2 Rf7 58. Rc3 Rf8 59. Ke3 Re8 60. Kf2 Rf8
61. Kg2 Re8 62. Kh3 Rf8 63. Kg2 Re8 64. Kf2 Rf8 65. Ke2 Re8 66. Ke3 Rf8 67. f4
Re8 68. fxe5 dxe5 69. Ke2 Ra8 70. Rf3 Ke7 71. Kd2 Ra6 72. Kc2 Ra8 73. Kb3 Ra6
74. Kb2 Ra8 75. Rc3 Kd7 76. Rc5 1-0

[Event "Skakligaen 2004-05"]
[Site "Denmark"]
[Date "2004.11.07"]
[Round "2.1"]
[White "Nielsen, Peter Heine"]
[Black "Matthiesen, Arne"]
[Result "1-0"]
[WhiteElo "2662"]
[BlackElo "2334"]
[PlyCount "69"]
[EventDate "2004.11.06"]
[EventType "team"]
[EventRounds "7"]
[EventCountry "DEN"]
[SourceDate "2004.11.06"]
[WhiteTeam "Helsinge"]
[BlackTeam "SK68"]
[WhiteTeamCountry "DEN"]
[BlackTeamCountry "DEN"]

1. d4 d5 2. c4 c6 3. Nf3 Nf6 4. Nc3 e6 5. Bg5 h6 6. Bh4 dxc4 7. e4 b5 8. e5 g5
9. Nxg5 hxg5 10. Bxg5 Be7 11. exf6 Bxf6 12. Be3 Bb7 13. Ne4 c5 14. Nxc5 Bd5 15.
Be2 Nd7 16. Nxd7 Qxd7 17. Bf3 Rd8 18. a4 a6 19. axb5 axb5 20. O-O Qc6 21. Bxd5
Qxd5 22. Qg4 Kf8 23. Rfd1 Rd7 24. Qg3 Ke7 25. Bf4 Rh5 26. h3 Rf5 27. Ra6 e5 28.
Re1 Qxd4 29. Qa3+ Ke8 30. Be3 Qd5 31. Bh6 Be7 32. Qg3 Rb7 33. Qg8+ Kd7 34. Qg4
e4 35. Rd1 1-0

[Event "Skakligaen 2004-05"]
[Site "Denmark"]
[Date "2004.11.07"]
[Round "2.2"]
[White "Holst, Allan"]
[Black "Schandorff, Lars"]
[Result "1/2-1/2"]
[WhiteElo "2362"]
[BlackElo "2520"]
[PlyCount "69"]
[EventDate "2004.11.06"]
[EventType "team"]
[EventRounds "7"]
[EventCountry "DEN"]
[SourceDate "2004.11.06"]
[WhiteTeam "SK68"]
[BlackTeam "Helsinge"]
[WhiteTeamCountry "DEN"]
[BlackTeamCountry "DEN"]

1. e4 c5 2. Nf3 Nc6 3. Bb5 g6 4. O-O Bg7 5. Re1 e5 6. b4 Nxb4 7. Bb2 a6 8. a3
axb5 9. axb4 Rxa1 10. Bxa1 d6 11. bxc5 dxc5 12. Bxe5 Bxe5 13. Nxe5 Ne7 14. d3
O-O 15. Nd2 Be6 16. Qc1 Qa5 17. Nef3 Ra8 18. d4 cxd4 19. Nxd4 Nc6 20. N2f3 Rd8
21. c3 b4 22. Nxc6 bxc6 23. cxb4 Qxb4 24. Qxc6 Bg4 25. Ra1 Bxf3 26. gxf3 Qd2
27. Qf6 Qd4 28. Qxd4 Rxd4 29. Ra5 Kg7 30. Kg2 Rb4 31. Kg3 Kf6 32. Ra6+ Ke7 33.
Ra7+ Ke6 34. Ra6+ Ke7 35. Ra7+ 1/2-1/2

[Event "Skakligaen 2004-05"]
[Site "Denmark"]
[Date "2004.11.07"]
[Round "2.3"]
[White "Hutters, Tomas"]
[Black "Matthiesen, Martin"]
[Result "1/2-1/2"]
[WhiteElo "2446"]
[BlackElo "2280"]
[PlyCount "92"]
[EventDate "2004.11.06"]
[EventType "team"]
[EventRounds "7"]
[EventCountry "DEN"]
[SourceDate "2004.11.06"]
[WhiteTeam "Helsinge"]
[BlackTeam "SK68"]
[WhiteTeamCountry "DEN"]
[BlackTeamCountry "DEN"]

1. d4 Nf6 2. c4 e6 3. g3 d5 4. Nf3 Be7 5. Bg2 O-O 6. O-O dxc4 7. Qc2 a6 8. Qxc4
b5 9. Qc2 Bb7 10. Bd2 Be4 11. Qc1 Bb7 12. Bf4 Nd5 13. Nc3 Nxf4 14. Qxf4 Qd6 15.
Ne5 Bxg2 16. Kxg2 c5 17. dxc5 Qxc5 18. Ne4 Qb6 19. Rfd1 Ra7 20. Rac1 f6 21. Nf3
Rd8 22. Rxd8+ Qxd8 23. Nc5 e5 24. Qf5 Bxc5 25. Rxc5 Rc7 26. Qe6+ Kf8 27. Qb6
Rd7 28. Qxd8+ Rxd8 29. Rc7 Nd7 30. Kf1 Nb6 31. Rc6 Rb8 32. Nd2 Nc4 33. Ke1 Nxb2
34. Rxa6 Rc8 35. Ne4 Rc2 36. f3 Na4 37. Nd6 Nc3 38. Ra8+ Ke7 39. Nf5+ Kd7 40.
Ra7+ Kc6 41. Rxg7 Rxa2 42. Rxh7 b4 43. Rh8 Kc7 44. Rh7+ Kc6 45. Rh8 Kb7 46.
Nd6+ Kc6 1/2-1/2

[Event "Skakligaen 2004-05"]
[Site "Denmark"]
[Date "2004.11.07"]
[Round "2.4"]
[White "Hansen, Lars"]
[Black "Pedersen, Steffen"]
[Result "0-1"]
[WhiteElo "2275"]
[BlackElo "2434"]
[PlyCount "74"]
[EventDate "2004.11.06"]
[EventType "team"]
[EventRounds "7"]
[EventCountry "DEN"]
[SourceDate "2004.11.06"]
[WhiteTeam "SK68"]
[BlackTeam "Helsinge"]
[WhiteTeamCountry "DEN"]
[BlackTeamCountry "DEN"]

1. e4 c6 2. d4 d5 3. Nc3 dxe4 4. Nxe4 Bf5 5. Bd3 e6 6. Nf3 Nd7 7. O-O Bxe4 8.
Bxe4 Ngf6 9. Bd3 Qc7 10. b3 c5 11. Bb2 a6 12. c4 Bd6 13. dxc5 Nxc5 14. Bc2 Ncd7
15. Qe2 O-O-O 16. a3 Ng4 17. h3 Nh2 18. c5 Nxf3+ 19. Qxf3 Be5 20. Bxe5 Nxe5 21.
Qc3 f6 22. Rfe1 g5 23. Be4 Kb8 24. b4 g4 25. h4 g3 26. Qxg3 Rhg8 27. Qc3 Ng4
28. g3 f5 29. Bg2 f4 30. Rxe6 Nxf2 31. Kxf2 f3 32. Qe5 fxg2 33. Qxc7+ Kxc7 34.
Re7+ Kc6 35. Rae1 Rd2+ 36. R7e2 Rxe2+ 37. Kxe2 Re8+ 0-1